| 000 | 00832nam a2200265 a 4500 | ||
|---|---|---|---|
| 001 | 72329 | ||
| 003 | BD-RjUL | ||
| 005 | 20211209082240.0 | ||
| 008 | 170516s1960 enka b 001 0 eng d | ||
| 035 | _a(BD-RjUL)72546 | ||
| 040 |
_aBD-RjUL _beng _cBD-RjUL _dBD-RjUL |
||
| 041 | _aeng | ||
| 082 |
_223 _a543.57 _bBEI 1960 |
||
| 100 | 1 |
_aBellamy, L. J. _9213894 |
|
| 245 | 1 | 4 |
_aThe infra-red spectra of complex molecules / _cby L.J. Bellamy. |
| 250 | _a2nd ed. | ||
| 260 |
_aLondon : _bMethuen ; _aNew York : _bWiley, _c1958 [Reprinted 1960] |
||
| 300 |
_axvii, 425 p. : _bill. ; _c22 cm. |
||
| 504 | _aIncludes bibliographical references and index | ||
| 650 | 0 |
_aInfrared spectra. _9201123 |
|
| 650 | 0 |
_aChemistry, Organic. _9213895 |
|
| 650 | 0 |
_aMolecular spectroscopy. _9159638 |
|
| 942 |
_2ddc _cBK |
||
| 999 |
_c72329 _d72329 |
||